LEADER 01456nam a2200289 4500 001 000000332100 003 CaOOAMICUS 005 20190116162252.0 008 190116s1990 fr 000 u fre r 020 $a2-8271-0388-5$c(Éu) 020 $a2-85049-366-X$c(Sp) 040 $aSeMil$bita 100 1 $aMaritain, Jacques,$d<1882-1973>.$0(OLS)http://semarc/name/1393 245 10$aOeuvres complètes.$nVolume 9.$p[1947-1951]. 264 1$aFribourg, Suisse :$bÉditions Universitaires ;$aParis :$bÉditions Saint-Paul,$c1990. 300 $a1289 p. ;$c21 cm 700 1 $aMaritain, Raïssa.$0(OLS)http://semarc/name/97467 710 0 $aCercle d'Études Jacques et Raïssa Maritain .$0(OLS)http://semarc/name/37825 773 0 $aMaritain, Jacques <1882-1973>$tOeuvres complètes.$dFribourg, Suisse : Éditions Universitaires ; Paris : Éditions Saint-Paul, 1986-1995.$w()332078 850 $aSeMil 852 $aSeMil$W1$xVenegono$y1$m2OA VII 22$j210287$B223976$CSeMilBibl$Z2$F223976 $81 996 $6020$a2-8271-0388-5$c(Éu)$9(OLS)http://semarc/number/286235 996 $6020$a2-85049-366-X$c(Sp)$9(OLS)http://semarc/number/286224 996 $6245$aOeuvres complètes.$nVolume 9.$p[1947-1951]$9(OLS)http://semarc/title/420796 996 $6264$aFribourg, Suisse :$bÉditions Universitaires$9(OLS)http://semarc/publisher/34530 996 $6264$aParis :$bÉditions Saint-Paul$9(OLS)http://semarc/publisher/33508 LEADER 00841nam a2200205 i 4500 001 000000060263 003 CaOOAMICUS 005 20140512000000.0 008 140512s1968 xx u000 u ger u 013 $a31435 040 $aSeMil$bita 100 1 $aMarxsen, Willi <1919->.$0(OLS)http://semarc/name/21568 245 14$aDie Auferstehung Jesu von Nazareth /$cWilli Marxsen. 260 $aGütersloh :$bGütersloher Verlagshaus Gerd Mohn,$c1968. 300 $a190 p. ;$c22 cm. 650 4$aGesù Cristo - Risurrezione.$0(OLS)http://semarc/subject/5599 850 $aSeMil 852 $aSeMil$W1$xVenegono$y1$m2K II 239$j26416$B26416$CSeMilBibl$Z2$F26419 $81 996 $6245$aDie Auferstehung Jesu von Nazareth$9(OLS)http://semarc/title/94394 996 $6260$aGütersloh :$bGütersloher Verlagshaus Gerd Mohn$9(OLS)http://semarc/publisher/30042